Ars musicorum / (Record no. 121950)

MARC details
000 -LEADER
campo de control de longitud fija 00758nam a2200241 4500
001 - NÚMERO DE CONTROL
campo de control 121950
003 - IDENTIFICADOR DE NÚMERO DE CONTROL
campo de control ES-MaACL
005 - FECHA Y HORA DE LA ÚLTIMA TRANSACCIÓN
campo de control 20230906191857.0
007 - CAMPO FIJO DE DESCRIPCIÓN FÍSICA--INFORMACIÓN GENERAL
campo de control de longitud fija t|
008 - DATOS DE LONGITUD FIJA--INFORMACIÓN GENERAL
campo de control de longitud fija 070214s1976 sp r ||||1| spa d
100 1# - ENTRADA PRINCIPAL--NOMBRE DE PERSONA
Nombre de persona Podio, Guillermo de.
9 (RLIN) 92713
245 10 - MENCIÓN DEL TÍTULO
Título Ars musicorum /
Mención de responsabilidad, etc. Guillermo de Podio.
250 ## - MENCION DE EDICION
Mención de edición Ed. facs.
260 ## - PUBLICACIÓN, DISTRIBUCIÓN, ETC.
Lugar de publicación, distribución, etc. Madrid :
Nombre del editor, distribuidor, etc. Joyas Bibliográficas,
Fecha de publicación, distribución, etc. 1976.
300 ## - DESCRIPCIÓN FÍSICA
Extensión LXV f. ;
Dimensiones 29 cm.
490 1# - MENCIÓN DE SERIE
Mención de serie Viejos libros de música ;
Designación de volumen o secuencia 4
500 ## - NOTA GENERAL
Nota general Reprod. facs. de la edición de: Valencia: Petmos Hagenbach et Leonardus Hutz, 1495.
655 #7 - TERMINO DE INDIZACIÓN--GENERO/FORMA
Fuente del término tgfbne
9 (RLIN) 226495
Datos o término principal de género/forma Facsímiles
830 0# - PUNTO DE ACCESO ADICIONAL DE SERIE-TÍTULO UNIFORME
Título uniforme Viejos libros de música ;
Designación de volumen o secuencia 4
9 (RLIN) 182867
852 ## - LOCALIZACIÓN
Ubicación ES-MaACL
Número de control de estantería A-6038
Sublocalización o colección R.95100
942 ## - ELEMENTOS DE ENTRADA SECUNDARIOS (KOHA)
Fuente del sistema de clasificación o colocación Clasificación decimal universal
Holdings
Estatus retirado Estado de pérdida Estado de daño No para préstamo Biblioteca de origen Biblioteca actual Ubicación en estantería Fecha de adquisición Fuente de adquisición Total de préstamos Signatura topográfica completa Código de barras Visto por última vez Precio de reemplazo Tipo de ítem Koha
        Biblioteca del Ateneo de Madrid Biblioteca del Ateneo de Madrid Sala Pecera Planta 1 17/01/2008     A-6038 1127086 23/02/2023 23/02/2023 Libro impreso